| 000 | 00966cam a2200325 4500 | ||
|---|---|---|---|
| 001 | ABS63133 | ||
| 008 | 000000n2000 000 0 eng u | ||
| 035 | _a(Sirsi) u109595 | ||
| 245 | _aFocus 2000: offices and business parks | ||
| 260 | _c2000 | ||
| 490 |
_aEstates Gazette _v(0047) 25 November 2000, 91-141(18) |
||
| 590 | _aABS | ||
| 650 | _aCALL CENTRES | ||
| 650 | _aBUSINESS PARKS | ||
| 650 | _aURBANISATION | ||
| 650 | _aTRANSPORT ISSUES | ||
| 650 | _aSERVICED OFFICES | ||
| 650 | _aBRITISH COUNCIL FOR OFFICES | ||
| 650 | _aMARKETING | ||
| 650 | _aTECHNOLOGY PARKS | ||
| 650 | _aPROPERTY-COMMERCIAL PROPERTY-OFFICE PROPERTY-OFFICE PROPERTY MARKET | ||
| 650 | _aINTERNET | ||
| 650 | _aTECHNOLOGY ZONES | ||
| 650 | _aCANADA | ||
| 650 | _aUNITED STATES | ||
| 650 | _aMANAGEMENT-BUSINESS MANAGEMENT-INFORMATION MANAGEMENT | ||
| 650 | _aMARKETING | ||
| 690 | _aPROPERTY-COMMERCIAL PROPERTY-COMMERCIAL PROPERTY MARKET | ||
| 942 | _n0 | ||
| 999 |
_c65425 _d65425 |
||